000 00804nam a22002175i 4500
001 159998
003 ES-MaACL
005 20250828004911.0
008 040915s1894 gw |||| | ger d
040 _aCAM
_bspa
_cCAM
100 1 _aMontaigne, Michel de,
_d1533-1592
_982329
245 1 0 _aMichel de Montaigne
_b: Auswahl pädagogischer Stücke aus Montaigne's Essays /
_cübersetzt von Ernst Schmid.
250 _a2. Aufl.
260 _aLangensalza :
_bVerlag von Hermann Beyer & Söhne,
_c1894.
300 _a72 p. ;
_c21 cm.
490 1 _aBibliothek Pädagogischer Klassiker
650 7 _aPedagogía
_2embne
_915904
830 0 _aBibliothek Pädagogischer Klassiker
_9221541
852 _aES-MaACL
_jG-15169
_z-- Enc. hol. conservando la cub. original
999 _c159998
_d159998